Random Regions to Countries - Statistics

General Stats
  • This quiz has been taken 49 times
  • The average score is 11 of 14
Answer Stats
Region Country % Correct
New South Wales Australia
100%
Quebec Canada
100%
Washington United States
100%
Inner Mongolia China
95%
Flanders Belgium
94%
Bavaria Germany
94%
England United Kingdom
94%
Vladimir Oblast Russia
93%
Tuscany Italy
92%
Chihuahua Mexico
86%
Catalonia Spain
85%
Cork Ireland
75%
Avignon France
62%
Tochigi Japan
50%
Gelderland Netherlands
41%
Sabah Malaysia
40%
Odisha India
31%
Aceh Indonesia
29%
Acre Brazil
24%
Styria Austria
18%
Lamphun Thailand
15%
No matching quizzes found
Score Distribution
Percent of People with Each Score
Percentile by Number Answered
Your Score History
You have not taken this quiz